| 000 | 00458nam a2200145Ia 4500 | ||
|---|---|---|---|
| 008 | 230917s9999||||xx |||||||||||||| ||und|| | ||
| 040 |
_e165877 _aMAIN |
||
| 041 | _aEnglish | ||
| 082 | _a891.437731 SV23R | ||
| 100 | _aशर्मा, विनोद | ||
| 245 | 0 | _aराजभवन की सिगरेट दानी | |
| 260 |
_aदिल्ली _bराधाकृष्ण प्रकाशन _c1967 |
||
| 300 | _a140पृ. p. | ||
| 942 | _cHN | ||
| 999 |
_c34888 _d34888 |
||